000 00990nam a2200241 a 4500
001 000021239
005 20200930011253.0
008 100902s1994 mx r 000 e spa d
020 _a9682953162
040 _aDO-SdBNP
_bspa
_cBNPHU
082 _a321.8
_bE59p, 1994
245 0 0 _aEnsayos sobre una polémica inconclusa :
_bla transición a la democracia en América Latina /
_cAgustín Cueva, compilador.
260 _aMéxico :
_bDirección General de Publicaciones del Consejo Nacional para la Cultura y las Artes,
_c1994.
300 _a248 p. ;
_c21 cm.
490 1 _aClaves de América Latina
504 _aIncluye referencias bibliográficas y notas al pie de las páginas.
650 4 _aDemocracia
_zAmérica Latina
_931097
650 4 _aAutoritarismo
_zAmérica Latina
_xEnsayos, conferencias, etc.
_944390
650 4 _aAmérica latina
_xCondiciones económicas
_932299
700 1 _aCueva, Agustín,
_ecomp.
_944391
830 0 _aClaves de América Latina
_932587
049 _aBNGR
999 _c20740
_d20740